A. WESLEY POWELL LEARNING RESOURCE CENTRE (WPLRC)

Wonderful Place to Learn, Research & Collaborate

Study Guide Volume 1, Chapters 1 v- 13 : (Record no. 6232)

MARC details
000 -LEADER
fixed length control field 00500nam a22001817a 4500
001 - ACCESSION NUMBER
control field 33995
003 - CONTROL NUMBER IDENTIFIER
control field OSt
005 - DATE AND TIME OF LATEST TRANSACTION
control field 20160425161418.0
008 - FIXED-LENGTH DATA ELEMENTS--GENERAL INFORMATION
fixed length control field 160425b xxu||||| |||| 00| 0 eng d
020 ## - INTERNATIONAL STANDARD BOOK NUMBER
International Standard Book Number 0070306842
040 ## - CATALOGING SOURCE
Transcribing agency ddc
082 ## - DEWEY DECIMAL CLASSIFICATION NUMBER
Classification number 657.07
100 ## - MAIN ENTRY--PERSONAL NAME
Relator code 00000000
245 ## - TITLE STATEMENT
Title Study Guide Volume 1, Chapters 1 v- 13 :
Remainder of title For use with Introduction to Accounting
260 ## - PUBLICATION, DISTRIBUTION, ETC. (IMPRINT)
Place of publication, distribution, etc. United States of America
Name of publisher, distributor, etc. Mc Graw-Hill Higher Education
Date of publication, distribution, etc. 2000
300 ## - PHYSICAL DESCRIPTION
Extent 271 p, :
Other physical details 27 1/2 cm
942 ## - ADDED ENTRY ELEMENTS (KOHA)
Source of classification or shelving scheme Dewey Decimal Classification
Koha item type Books
Holdings
Withdrawn status Lost status Source of classification or shelving scheme Damaged status Not for loan Home library Current library Date acquired Total Checkouts Full call number Barcode Date last seen Price effective from Koha item type
    Dewey Decimal Classification     Wesley Powell Learning Resource Centre Wesley Powell Learning Resource Centre 04/25/2016   657.07 STU 33995 04/25/2016 04/25/2016 Books
    Dewey Decimal Classification     Wesley Powell Learning Resource Centre Wesley Powell Learning Resource Centre 04/25/2016   657.07 STU 33994 04/25/2016 04/25/2016 Books